000 00270 a2200157 4500
001 162948
020 _a
040 _cMagnum
100 _a-
240 1 0 _aAladim
_lpor
245 1 0 _aAladim
362 0 _a1899
440 1 _aEko
697 _aI/GERAL
942 _cBK
999 _c162948
_d162948